[Event "SRB-chT (Women)"]
[Site "Valjevo"]
[Date "2011.09.05"]
[Round "10.5"]
[White "Milosavljevic, Marija"]
[Black "Tomin, Ksenija"]
[Result "1-0"]
[WhiteElo "1937"]
[BlackElo "1901"]
[PlyCount "45"]
[EventDate "2011.08.27"]
[EventType "team-tourn"]
[EventRounds "11"]
[EventCountry "SRB"]
[SourceTitle "CBM 144 Extra"]
[Source "ChessBase"]
[SourceDate "2011.10.28"]
[SourceVersion "1"]
[SourceVersionDate "2011.10.28"]
[SourceQuality "1"]
[WhiteTeam "Debrc (W)"]
[BlackTeam "Kac Rad Beranovic (W)"]
[WhiteTeamCountry "SRB"]
[BlackTeamCountry "SRB"]

1. c4 Nf6 2. Nc3 g6 3. g3 Bg7 4. Bg2 d6 5. e4 e5 6. Nge2 Nc6 7. 0-0 0-0 8. d3 Be6 9. f4 Qd7 10. Rb1 a5 11. Nd5 Nd4 12. Nxd4 exd4 13. Nxf6+ Bxf6 14. f5 gxf5 15. exf5 Bxf5 16. Qf3 Bxd3 17. Qxd3 Bg7 18. Bxb7 Rab8 19. Be4 h6 20. Qf3 Kh8 21. Bxh6 Qh3 22. Bxg7+ Kxg7 23. Qf6+ 1-0

[Event "SRB-chT (Women)"]
[Site "Valjevo"]
[Date "2011.09.02"]
[Round "7.4"]
[White "Markovic, Tamara"]
[Black "Milosavljevic, Marija"]
[Result "0-1"]
[WhiteElo "1818"]
[BlackElo "1937"]
[PlyCount "200"]
[EventDate "2011.08.27"]
[EventType "team-tourn"]
[EventRounds "11"]
[EventCountry "SRB"]
[SourceTitle "CBM 144 Extra"]
[Source "ChessBase"]
[SourceDate "2011.10.28"]
[SourceVersion "1"]
[SourceVersionDate "2011.10.28"]
[SourceQuality "1"]
[WhiteTeam "Belgrade Nestor (W)"]
[BlackTeam "Debrc (W)"]
[WhiteTeamCountry "SRB"]
[BlackTeamCountry "SRB"]

1. e4 c5 2. Nf3 d6 3. d4 cxd4 4. Nxd4 Nf6 5. Nc3 a6 6. Be3 e5 7. Nb3 Be6 8. f3 h5 9. Qd2 Nbd7 10. 0-0-0 b5 11. Kb1 Rc8 12. Qf2 Qc7 13. a3 Be7 14. h3 Rb8 15. Na2 d5 16. exd5 Nxd5 17. Bd2 b4 18. axb4 Nxb4 19. Nxb4 Bxb4 20. Bxb4 Rxb4 21. Bxa6 0-0 22. Qe3 Ra8 23. Be2 Bxb3 24. cxb3 Qa5 25. Bc4 Nc5 26. Qc3 Qb6 27. Qxe5 Qg6+ 28. Kc1 Rxc4+ 29. Kd2 Rd8+ 30. Ke3 Rd3+ 31. Rxd3 Qxd3+ 32. Kf2 Qd4+ 33. Qxd4 Rxd4 34. Ra1 Rd2+ 35. Kg3 Rxb2 36. Ra5 Nd3 37. Rb5 Nc1 38. b4 Nd3 39. Rxh5 Rxb4 40. Rd5 Nf4 41. Rd2 Ne6 42. Ra2 Kh7 43. Ra7 Kg6 44. Ra6 Kg5 45. Ra5+ f5 46. Ra2 f4+ 47. Kh2 Kf5 48. Ra5+ Kf6 49. Ra2 Rc4 50. Rd2 Nd4 51. Rd1 Ke5 52. Re1+ Kd5 53. h4 Rc2 54. Kh3 Re2 55. Ra1 Re7 56. Rd1 Kc4 57. Rc1+ Kd3 58. Ra1 Nc2 59. Ra4 Ke3 60. Kg4 Ne1 61. Rxf4 Nxg2 62. Ra4 Rd7 63. Ra3+ Kd4 64. Ra4+ Ke5 65. Re4+ Kf6 66. Kg3 Rd2 67. Ra4 Ne3 68. Ra6+ Kf5 69. Ra5+ Rd5 70. Ra7 g6 71. Ra4 Nd1 72. Rf4+ Ke6 73. Rg4 Kf6 74. Rf4+ Kg7 75. Ra4 Nc3 76. Ra7+ Kh6 77. Re7 Nb5 78. Re3 Nd6 79. Ra3 Nf5+ 80. Kg4 Rd4+ 81. f4 Rd1 82. Rh3 Rg1+ 83. Kf3 Kh5 84. Kf2 Ra1 85. Rc3 Kg4 86. Rc2 Nxh4 87. Rc4 Nf5 88. Rc6 Ra2+ 89. Kg1 Nh4 90. Rc4 Kg3 91. Kf1 Rf2+ 92. Ke1 Rxf4 93. Rxf4 Kxf4 94. Kf2 g5 95. Kg1 g4 96. Kh2 g3+ 97. Kg1 Kf3 98. Kf1 Ng6 99. Kg1 Nf4 100. Kf1 Ne2 0-1

[Event "SRB-chT (Women)"]
[Site "Valjevo"]
[Date "2011.08.31"]
[Round "5.5"]
[White "Zivkovic, Vesna"]
[Black "Milosavljevic, Marija"]
[Result "1-0"]
[WhiteElo "2058"]
[BlackElo "1937"]
[PlyCount "109"]
[EventDate "2011.08.27"]
[EventType "team-tourn"]
[EventRounds "11"]
[EventCountry "SRB"]
[SourceTitle "CBM 144 Extra"]
[Source "ChessBase"]
[SourceDate "2011.10.28"]
[SourceVersion "1"]
[SourceVersionDate "2011.10.28"]
[SourceQuality "1"]
[WhiteTeam "Rudovci Radnicki (W)"]
[BlackTeam "Debrc (W)"]
[WhiteTeamCountry "SRB"]
[BlackTeamCountry "SRB"]

1. d4 g6 2. Nf3 Bg7 3. g3 Nf6 4. Bg2 d6 5. 0-0 0-0 6. c4 Nc6 7. Nc3 e5 8. d5 Ne7 9. e4 h6 10. h3 Ne8 11. Be3 f5 12. Rc1 Nf6 13. exf5 Nxf5 14. Qd2 Nxe3 15. Qxe3 g5 16. Nd2 Bf5 17. Nce4 Nxe4 18. Nxe4 Bxe4 19. Bxe4 Qf6 20. c5 h5 21. Qe2 h4 22. g4 Rad8 23. cxd6 Qxd6 24. Rc2 Rf4 25. Rfc1 Rd7 26. Bf5 Re7 27. Be4 Bf8 28. f3 Rg7 29. Qb5 Qb6+ 30. Qxb6 axb6 31. Rxc7 Bc5+ 32. R7xc5 bxc5 33. Rxc5 Rd7 34. Kf2 Kf8 35. Rc8+ Kf7 36. Rh8 Ke7 37. Rg8 Kf6 38. Rg6+ Ke7 39. Rxg5 Kd6 40. Rh5 Rf8 41. Rxh4 Kc5 42. Ke3 Ra8 43. a3 Ra6 44. Rh8 Rb6 45. b4+ Kc4 46. h4 Kb3 47. h5 Kxa3 48. h6 Rxb4 49. h7 Kb2 50. Rb8 Rxe4+ 51. Kxe4 Rxh7 52. Kxe5 Kc3 53. d6 Kc4 54. Rc8+ Kd3 55. Rc7 1-0

[Event "SRB-ch U20 Girls"]
[Site "Donji Milanovac"]
[Date "2011.08.05"]
[Round "7"]
[White "Milosavljevic, Marija"]
[Black "Tomin, Ksenija"]
[Result "0-1"]
[WhiteElo "1937"]
[BlackElo "1901"]
[PlyCount "98"]
[EventDate "2011.08.01"]
[EventType "tourn"]
[EventRounds "9"]
[EventCountry "SRB"]
[SourceTitle "CBM 144 Extra"]
[Source "ChessBase"]
[SourceDate "2011.10.28"]
[SourceVersion "1"]
[SourceVersionDate "2011.10.28"]
[SourceQuality "1"]

1. Nc3 d5 2. e4 d4 3. Nce2 e5 4. Ng3 Nc6 5. a3 Be6 6. Bb5 g6 7. Nf3 Qd6 8. Bxc6+ bxc6 9. d3 h5 10. h3 c5 11. Nd2 Nf6 12. Qe2 h4 13. Ngf1 Bh6 14. Nb3 Bxc1 15. Nxc1 Nh5 16. Nd2 Nf4 17. Qf3 g5 18. Nc4 Bxc4 19. dxc4 Qb6 20. 0-0 Qe6 21. Nd3 Nxd3 22. cxd3 Rg8 23. Qg4 Qxg4 24. hxg4 Rb8 25. Rfb1 Rb3 26. Rd1 Rxb2 27. Rab1 Rb6 28. a4 Rb4 29. g3 Kd7 30. a5 Kc6 31. Ra1 Rb3 32. Rd2 Rgb8 33. Kg2 Rb1 34. Raa2 Rc1 35. gxh4 gxh4 36. Ra3 Rg8 37. f3 Rb1 38. Raa2 Rb4 39. Ra1 Kd6 40. Kh3 Rh8 41. g5 Rb3 42. Raa2 Ke7 43. Ra1 Kf8 44. Kg4 Kg7 45. f4 exf4 46. Kxf4 Kg6 47. Kg4 Rh5 48. Rf1 Rxg5+ 49. Kxh4 Rb8 0-1

[Event "Senta op-B 15th"]
[Site "Senta"]
[Date "2011.07.22"]
[Round "8"]
[White "Milosavljevic, Marija"]
[Black "Novak, Tamas"]
[Result "1/2-1/2"]
[WhiteElo "1937"]
[BlackElo "1995"]
[PlyCount "40"]
[EventDate "2011.07.16"]
[EventType "swiss"]
[EventRounds "9"]
[EventCountry "SRB"]
[SourceTitle "EXT 2019"]
[Source "ChessBase"]
[SourceDate "2018.10.10"]
[SourceVersion "1"]
[SourceVersionDate "2018.10.10"]
[SourceQuality "1"]

1. Nc3 e5 2. Nf3 Nc6 3. d4 exd4 4. Nxd4 Bc5 5. Be3 Bb6 6. Nd5 Nf6 7. Nxb6 axb6 8. Bg5 h6 9. Bh4 Qe7 10. Nxc6 bxc6 11. Qd4 c5 12. Qc3 Bb7 13. Bxf6 Qxf6 14. Qxf6 gxf6 15. Rg1 Ke7 16. g3 h5 17. h4 Ra4 18. e3 Rg8 19. c4 Bf3 20. a3 f5 1/2-1/2

[Event "Senta op-B 15th"]
[Site "Senta"]
[Date "2011.07.17"]
[Round "3"]
[White "Zlatic, Milan"]
[Black "Milosavljevic, Marija"]
[Result "1/2-1/2"]
[WhiteElo "2077"]
[BlackElo "1937"]
[PlyCount "74"]
[EventDate "2011.07.16"]
[EventType "swiss"]
[EventRounds "9"]
[EventCountry "SRB"]
[SourceTitle "EXT 2019"]
[Source "ChessBase"]
[SourceDate "2018.10.10"]
[SourceVersion "1"]
[SourceVersionDate "2018.10.10"]
[SourceQuality "1"]

1. d4 Nf6 2. c4 g6 3. Nc3 Bg7 4. e4 d6 5. Nf3 0-0 6. h3 c5 7. d5 e6 8. Bd3 exd5 9. cxd5 Re8 10. 0-0 Nbd7 11. Bf4 Ne5 12. Nxe5 dxe5 13. Be3 b6 14. a4 Bd7 15. Qd2 Nh5 16. Be2 Nf4 17. Bxf4 exf4 18. Qxf4 Be5 19. Qf3 Qh4 20. Nd1 h5 21. Ne3 Bxb2 22. Ra3 Bd4 23. Bd3 Be5 24. Re1 Qg5 25. Nc4 Rad8 26. Nxe5 Rxe5 27. Rb1 Be8 28. a5 Rd6 29. Kh2 h4 30. axb6 axb6 31. Ra6 Qd8 32. Qf4 Qe7 33. f3 g5 34. Qd2 b5 35. Ra8 c4 36. Bc2 Kg7 37. Qd4 Qf6 1/2-1/2

[Event "Paracin-ch"]
[Site "Paracin"]
[Date "2011.02.06"]
[Round "9"]
[White "Gajovic, Dragan"]
[Black "Milosavljevic, Marija"]
[Result "1-0"]
[WhiteElo "2089"]
[BlackElo "1933"]
[PlyCount "153"]
[EventDate "2011.01.28"]
[EventType "swiss"]
[EventRounds "7"]
[EventCountry "SRB"]
[SourceTitle "CBM 140 Extra"]
[Source "ChessBase"]
[SourceDate "2011.03.01"]
[SourceVersion "1"]
[SourceVersionDate "2011.03.01"]
[SourceQuality "1"]

1. Nf3 g6 2. g3 Bg7 3. Bg2 Nf6 4. c4 0-0 5. 0-0 d6 6. d4 Nc6 7. b3 e5 8. Bb2 exd4 9. Nxd4 Bd7 10. Nc3 Re8 11. Re1 a6 12. Nd5 Nxd5 13. cxd5 Nxd4 14. Bxd4 Qe7 15. Rc1 Rac8 16. Bxg7 Kxg7 17. Qd4+ Qe5 18. Qb4 b6 19. e4 g5 20. f3 Qb2 21. f4 g4 22. Qc4 Bb5 23. Qc3+ Qxc3 24. Rxc3 a5 25. Rec1 Re7 26. Kf2 f6 27. a4 Ba6 28. h3 h5 29. hxg4 hxg4 30. Rh1 Rh8 31. Rhc1 Rc8 32. Ke3 Kg6 33. Rh1 Rh7 34. f5+ Kg7 35. Rxh7+ Kxh7 36. Rc1 Kh6 37. Bf1 Bxf1 38. Rxf1 Kg5 39. Rh1 c6 40. dxc6 Rxc6 41. Kd4 Rc2 42. Rh7 Rg2 43. Rg7+ Kh5 44. Kd5 Rxg3 45. Ke6 Re3 46. Kxf6 Kh4 47. Rh7+ Kg3 48. Kg5 Rxe4 49. f6 d5 50. Rd7 d4 51. f7 Rf4 52. Kg6 Kf2 53. Rxd4 Rxd4 54. f8Q+ Kg2 55. Qa8+ Kf2 56. Qf8+ Ke2 57. Qf6 Rb4 58. Qh4 Kd3 59. Kg5 Kc2 60. Qg3 Rxb3 61. Qxg4 Rb4 62. Qe2+ Kb3 63. Qd1+ Ka3 64. Qa1+ Kb3 65. Kf5 Rxa4 66. Qb1+ Kc3 67. Qxb6 Kc2 68. Qf2+ Kb3 69. Qe3+ Kc2 70. Qe2+ Kc3 71. Qb5 Ra2 72. Ke4 a4 73. Ke3 a3 74. Qc5+ Kb2 75. Kd3 Kb1 76. Qg1+ Kb2 77. Qd1 1-0

[Event "Paracin-ch"]
[Site "Paracin"]
[Date "2011.01.29"]
[Round "3"]
[White "Milosavljevic, Marija"]
[Black "Zivkovic, Zivojin"]
[Result "0-1"]
[WhiteElo "1933"]
[BlackElo "2047"]
[PlyCount "134"]
[EventDate "2011.01.28"]
[EventType "swiss"]
[EventRounds "7"]
[EventCountry "SRB"]
[SourceTitle "CBM 140 Extra"]
[Source "ChessBase"]
[SourceDate "2011.03.01"]
[SourceVersion "1"]
[SourceVersionDate "2011.03.01"]
[SourceQuality "1"]

1. e4 d6 2. d4 Nf6 3. Nc3 g6 4. f3 Bg7 5. Be3 c6 6. Qd2 b5 7. Bd3 Qa5 8. Nge2 Nbd7 9. 0-0 0-0 10. Nd5 Qd8 11. Nxf6+ Nxf6 12. Bh6 e5 13. Bxg7 Kxg7 14. Kh1 Nh5 15. Qc3 Qe8 16. dxe5 dxe5 17. a4 Kg8 18. axb5 cxb5 19. Qc5 a6 20. Bxb5 Qe6 21. Bc4 Qf6 22. Rad1 Be6 23. Bxe6 Qxe6 24. Qd5 Qe7 25. Qd6 Qg5 26. Qd2 Qh4 27. Qe1 Qg5 28. g3 Rab8 29. b3 Rfc8 30. Qd2 Qe7 31. Nc3 Qc5 32. Nd5 Kg7 33. Rc1 Qa3 34. Qg5 f6 35. Qe3 Qc5 36. Qxc5 Rxc5 37. g4 Nf4 38. Nxf4 exf4 39. Rfd1 Rc3 40. Kg2 Rbc8 41. Rd7+ Kh6 42. Rd2 R8c7 43. Kf2 Kg5 44. b4 Kh4 45. Kg2 R7c4 46. Kg1 Rxf3 47. Rd7 Kxg4 48. Rxh7 Rfc3 49. Kh1 Rxe4 50. Rg1+ Kf5 51. Ra7 Rxb4 52. Rxa6 Rb5 53. Ra2 Rbc5 54. Rg2 g5 55. Rb2 f3 56. Rd2 g4 57. Kg1 Kg5 58. Kf2 f5 59. Ra2 Kh4 60. Rb2 f4 61. Kg1 g3 62. Rb8 Re3 63. hxg3+ fxg3 64. Rd4+ Kg5 65. Rg8+ Kf5 66. Rxg3 Rxc2 67. Rxf3+ Rxf3 0-1

[Event "SRB Central-ch (Women)"]
[Site "Valjevo"]
[Date "2010.11.08"]
[Round "1"]
[White "Milosavljevic, Marija"]
[Black "Urosevic, Marija"]
[Result "1/2-1/2"]
[WhiteElo "1910"]
[BlackElo "2069"]
[PlyCount "41"]
[EventDate "2010.11.08"]
[EventType "tourn"]
[EventRounds "7"]
[EventCountry "YUG"]
[SourceTitle "CBM 139 Extra"]
[Source "ChessBase"]
[SourceDate "2011.01.05"]
[SourceVersion "1"]
[SourceVersionDate "2011.01.05"]
[SourceQuality "1"]

1. c4 c5 2. Nc3 Nc6 3. g3 b6 4. Bg2 Bb7 5. e4 Nd4 6. Nge2 g6 7. Nxd4 cxd4 8. Ne2 e5 9. 0-0 Bg7 10. d3 Ne7 11. f4 d6 12. Bh3 0-0 13. f5 gxf5 14. exf5 f6 15. g4 d5 16. b3 Kh8 17. Ng3 dxc4 18. bxc4 Rf7 19. Bg2 Bxg2 20. Kxg2 Nc8 21. Ne4 1/2-1/2

[Event "SRB-chT CS (Women)"]
[Site "Zajecar"]
[Date "2010.10.30"]
[Round "1.1"]
[White "Paramentic, Mila"]
[Black "Milosavljevic, Marija"]
[Result "1-0"]
[WhiteElo "1970"]
[BlackElo "1910"]
[PlyCount "95"]
[EventDate "2010.10.30"]
[EventType "team-tourn"]
[EventRounds "3"]
[EventCountry "SRB"]
[SourceTitle "EXT 2012"]
[Source "ChessBase"]
[SourceDate "2011.11.24"]
[SourceVersion "1"]
[SourceVersionDate "2011.11.24"]
[SourceQuality "1"]

1. e4 c5 2. Nc3 Nc6 3. g3 g6 4. d3 Bg7 5. Bg2 d6 6. Be3 e6 7. Qd2 Nge7 8. Nge2 Nd4 9. 0-0 0-0 10. Nd1 Nxe2+ 11. Qxe2 Rb8 12. Qd2 Re8 13. c3 b6 14. d4 Ba6 15. Re1 cxd4 16. Bxd4 Nc6 17. Bxg7 Kxg7 18. Ne3 Qe7 19. Rad1 Red8 20. f4 Rbc8 21. h3 h6 22. Kh2 g5 23. f5 Ne5 24. Qd4 Kh7 25. Qa4 Qb7 26. Qd4 h5 27. Rd2 Qc7 28. Red1 Bc4 29. b3 Ba6 30. c4 b5 31. cxb5 Bxb5 32. Rc2 Bc6 33. Rdc1 Qb7 34. fxe6 fxe6 35. Nc4 Nxc4 36. Rxc4 e5 37. Qe3 Kg6 38. h4 gxh4 39. gxh4 Kh7 40. Bf3 Bd7 41. Qg5 Bg4 42. Bxg4 hxg4 43. Qh5+ Kg8 44. Qxg4+ Qg7 45. Qxg7+ Kxg7 46. Rxc8 Rxc8 47. Rxc8 Kf6 48. Ra8 1-0

[Event "SRB-chT3 East"]
[Site "Serbia"]
[Date "2010.09.12"]
[Round "1.4"]
[White "Milenkovic, Blagoje"]
[Black "Milosavljevic, Marija"]
[Result "1/2-1/2"]
[WhiteElo "2111"]
[BlackElo "1910"]
[PlyCount "99"]
[EventDate "2010.09.12"]
[EventType "team"]
[EventRounds "11"]
[EventCountry "SRB"]
[SourceTitle "EXT 2012"]
[Source "ChessBase"]
[SourceDate "2011.11.24"]
[SourceVersion "1"]
[SourceVersionDate "2011.11.24"]
[SourceQuality "1"]

1. d4 g6 2. c4 Bg7 3. Bf4 d6 4. Nf3 Nd7 5. Nc3 e5 6. dxe5 dxe5 7. Bg5 f6 8. Bh4 Nh6 9. e4 0-0 10. Qd5+ Kh8 11. 0-0-0 Qe7 12. Ne1 Nf7 13. Qa5 c6 14. Qc7 Qd8 15. Qxd8 Rxd8 16. Be2 Nc5 17. Rxd8+ Nxd8 18. Nc2 a5 19. Rd1 Nf7 20. Ne3 h5 21. Kc2 Be6 22. f3 Rd8 23. Bf2 Bf8 24. Rxd8 Nxd8 25. Nf1 Bd7 26. Nd2 Nde6 27. Nb3 b6 28. Nxc5 Bxc5 29. Bxc5 Nxc5 30. a3 a4 31. Na2 Kg7 32. Kd2 Kf7 33. Bd1 Be6 34. Kc3 b5 35. Be2 Ke7 36. Nb4 bxc4 37. Nxc6+ Kd6 38. Na5 Nb3 39. Bxc4 Nxa5 40. Bxe6 Kxe6 41. Kb4 Nc6+ 42. Kxa4 Kd6 43. b4 Nd4 44. Ka5 Kc6 45. a4 h4 46. b5+ Kb7 47. h3 Nc2 48. b6 Nd4 49. Kb4 Kxb6 50. Kc4 1/2-1/2

[Event "SRB-ch U20 Girls"]
[Site "Banja Vrujci"]
[Date "2010.07.22"]
[Round "7"]
[White "Milosavljevic, Marija"]
[Black "Nonkovic, Bogdana"]
[Result "1/2-1/2"]
[WhiteElo "1918"]
[BlackElo "1815"]
[PlyCount "68"]
[EventDate "2010.07.16"]
[EventType "tourn"]
[EventRounds "9"]
[EventCountry "SRB"]
[SourceTitle "EXT 2012"]
[Source "ChessBase"]
[SourceDate "2011.11.24"]
[SourceVersion "1"]
[SourceVersionDate "2011.11.24"]
[SourceQuality "1"]

1. c4 Nf6 2. Nc3 g6 3. g3 Bg7 4. Bg2 0-0 5. e4 d6 6. Nge2 c6 7. 0-0 e5 8. d3 Be6 9. h3 d5 10. b3 Qc8 11. Kh2 Rd8 12. Qc2 Na6 13. a3 Rb8 14. Bg5 h6 15. Bxf6 Bxf6 16. cxd5 cxd5 17. exd5 Bxd5 18. Bxd5 Rxd5 19. Qd2 Rd8 20. Rac1 Qf5 21. Qe3 Bg5 22. f4 Rxd3 23. Qe4 exf4 24. Nxf4 Qxe4 25. Nxe4 Rxb3 26. Rcd1 Rc8 27. Nd5 Rxa3 28. Nxg5 Rc2+ 29. Kh1 hxg5 30. Nf6+ Kg7 31. Rd8 Raa2 32. Rg8+ Kh6 33. Rh8+ Kg7 34. Rg8+ Kh6 1/2-1/2

[Event "SRB-ch U20 Girls"]
[Site "Banja Vrujci"]
[Date "2010.07.18"]
[Round "3"]
[White "Tomin, Ksenija"]
[Black "Milosavljevic, Marija"]
[Result "1/2-1/2"]
[WhiteElo "1909"]
[BlackElo "1918"]
[PlyCount "58"]
[EventDate "2010.07.16"]
[EventType "tourn"]
[EventRounds "9"]
[EventCountry "SRB"]
[SourceTitle "EXT 2012"]
[Source "ChessBase"]
[SourceDate "2011.11.24"]
[SourceVersion "1"]
[SourceVersionDate "2011.11.24"]
[SourceQuality "1"]

1. e4 g6 2. d4 Bg7 3. Nc3 d6 4. Be3 Nd7 5. Nge2 c6 6. Qd2 Qa5 7. Ng3 h5 8. h4 Ndf6 9. f3 Bd7 10. Bd3 Qc7 11. Nge2 e5 12. dxe5 dxe5 13. 0-0-0 b5 14. Kb1 0-0-0 15. Bc5 Bf8 16. Bxf8 Rxf8 17. Qe3 Qb6 18. Qxb6 axb6 19. a3 Nh6 20. Nc1 Be6 21. Rd2 Nd7 22. Rhd1 Rd8 23. Be2 Nc5 24. N1a2 Bxa2+ 25. Nxa2 Rxd2 26. Rxd2 Rd8 27. Kc1 Ne6 28. Nb4 Rxd2 29. Kxd2 Kd7 1/2-1/2

[Event "Jagodina op 3rd"]
[Site "Jagodina"]
[Date "2010.03.06"]
[Round "9"]
[White "Petrovic, Dragoslav"]
[Black "Milosavljevic, Marija"]
[Result "1-0"]
[WhiteElo "1991"]
[BlackElo "1927"]
[PlyCount "83"]
[EventDate "2010.02.27"]
[EventType "swiss"]
[EventRounds "9"]
[EventCountry "SRB"]
[SourceTitle "EXT 2024"]
[Source "ChessBase"]
[SourceDate "2023.10.10"]
[SourceVersion "1"]
[SourceVersionDate "2023.10.10"]
[SourceQuality "1"]

1. d4 Nf6 2. c4 g6 3. Nc3 Bg7 4. e4 d6 5. Be2 0-0 6. Bg5 h6 7. Be3 e5 8. d5 a5 9. h4 Na6 10. h5 g5 11. f3 Nh7 12. g4 Bd7 13. Nh3 Bf6 14. 0-0 Qe8 15. Nf2 Rb8 16. Qd2 Qe7 17. b3 Rfd8 18. a3 Ra8 19. Rfb1 b6 20. Qb2 Nc5 21. b4 Na6 22. Bd1 Qe8 23. Be2 Rdb8 24. Nh1 Bg7 25. Ng3 Nf6 26. Bd2 Qd8 27. Bd1 Qe8 28. Qc1 Nh7 29. Bc2 Bf8 30. Qd1 axb4 31. axb4 b5 32. Nxb5 Bxb5 33. cxb5 Qxb5 34. Nf5 c5 35. Ba4 Qb6 36. Bc6 Ra7 37. bxc5 Qc7 38. Ba5 Rxb1 39. Qxb1 Qb8 40. Bb6 dxc5 41. Bxa7 Qxa7 42. Qb7 1-0

[Event "Jagodina op 3rd"]
[Site "Jagodina"]
[Date "2010.02.28"]
[Round "3"]
[White "Milenkovic, Miroslav"]
[Black "Milosavljevic, Marija"]
[Result "1-0"]
[WhiteElo "2191"]
[BlackElo "1927"]
[PlyCount "75"]
[EventDate "2010.02.27"]
[EventType "swiss"]
[EventRounds "9"]
[EventCountry "SRB"]
[SourceTitle "EXT 2024"]
[Source "ChessBase"]
[SourceDate "2023.10.10"]
[SourceVersion "1"]
[SourceVersionDate "2023.10.10"]
[SourceQuality "1"]

1. d4 Nf6 2. c4 g6 3. Nc3 Bg7 4. e4 d6 5. g3 0-0 6. Bg2 e5 7. Nge2 Nc6 8. 0-0 Re8 9. d5 Ne7 10. a3 a5 11. Bd2 Rf8 12. b4 axb4 13. axb4 Rxa1 14. Qxa1 h6 15. Nb5 Ne8 16. Qa8 c6 17. dxc6 bxc6 18. Nbc3 Nc7 19. Qa5 Be6 20. Be3 Na8 21. c5 Qxa5 22. bxa5 d5 23. Na4 f5 24. f3 d4 25. Bd2 fxe4 26. fxe4 Rxf1+ 27. Bxf1 Nc7 28. Nc1 Bc8 29. Nb6 Ba6 30. Nd3 Nc8 31. Nd7 Bxd3 32. Bxd3 Kf7 33. a6 Na7 34. Ba5 Na8 35. Nb6 Nc7 36. Nc8 Nxc8 37. Bxc7 Bf8 38. Bb6 1-0

[Event "Paracin op"]
[Site "Paracin"]
[Date "2009.08.26"]
[Round "9"]
[White "Vucinic, Gojko"]
[Black "Milosavljevic, Marija"]
[Result "1-0"]
[WhiteElo "1937"]
[BlackElo "1848"]
[PlyCount "55"]
[EventDate "2009.08.19"]
[EventType "swiss"]
[EventRounds "9"]
[EventCountry "YUG"]
[SourceTitle "CBM 132 Extra"]
[Source "ChessBase"]
[SourceDate "2009.11.03"]
[SourceVersion "1"]
[SourceVersionDate "2009.11.03"]
[SourceQuality "1"]

1. e4 c5 2. Nf3 d6 3. d4 cxd4 4. Nxd4 Nf6 5. Nc3 a6 6. Bg5 e6 7. f4 Qb6 8. Nb3 Nbd7 9. Qf3 Be7 10. 0-0-0 Qc7 11. Bd3 b5 12. a3 Bb7 13. Rhe1 Rc8 14. Qg3 h6 15. Bh4 Nh5 16. Qg4 Bxh4 17. Qxh4 Nhf6 18. Nd4 b4 19. axb4 Qb6 20. e5 Nd5 21. Nxe6 Rxc3 22. bxc3 Nxc3 23. exd6 Nf6 24. Nxg7+ Kd7 25. Bf5+ Kc6 26. Qxf6 Na2+ 27. Kb2 Kb5 28. Qe5+ 1-0

[Event "Paracin op"]
[Site "Paracin"]
[Date "2009.08.25"]
[Round "8"]
[White "Mijovic, Cedomir"]
[Black "Milosavljevic, Marija"]
[Result "1/2-1/2"]
[WhiteElo "2048"]
[BlackElo "1848"]
[PlyCount "42"]
[EventDate "2009.08.19"]
[EventType "swiss"]
[EventRounds "9"]
[EventCountry "YUG"]
[SourceTitle "CBM 132 Extra"]
[Source "ChessBase"]
[SourceDate "2009.11.03"]
[SourceVersion "1"]
[SourceVersionDate "2009.11.03"]
[SourceQuality "1"]

1. d4 Nf6 2. c4 e6 3. e3 b6 4. Nf3 Bb4+ 5. Bd2 Bxd2+ 6. Nbxd2 Bb7 7. Be2 0-0 8. 0-0 d6 9. Qc2 Nbd7 10. e4 e5 11. dxe5 dxe5 12. Rfe1 Qe7 13. Bf1 Rad8 14. g3 Rfe8 15. Bg2 a5 16. Nh4 g6 17. h3 Nc5 18. Re3 Rd7 19. Re2 Red8 20. Nf1 Ne6 21. Qc1 Kg7 1/2-1/2

[Event "Paracin op"]
[Site "Paracin"]
[Date "2009.08.23"]
[Round "6"]
[White "Maljevic, Aleksa"]
[Black "Milosavljevic, Marija"]
[Result "0-1"]
[WhiteElo "1687"]
[BlackElo "1848"]
[PlyCount "128"]
[EventDate "2009.08.19"]
[EventType "swiss"]
[EventRounds "9"]
[EventCountry "YUG"]
[SourceTitle "CBM 132 Extra"]
[Source "ChessBase"]
[SourceDate "2009.11.03"]
[SourceVersion "1"]
[SourceVersionDate "2009.11.03"]
[SourceQuality "1"]

1. e4 c5 2. Nf3 d6 3. d4 cxd4 4. Nxd4 Nf6 5. Nc3 a6 6. a4 e6 7. Be3 b6 8. Bd3 Be7 9. 0-0 Bb7 10. f4 Nbd7 11. Nb3 0-0 12. f5 e5 13. Kh1 d5 14. Nxd5 Nxd5 15. exd5 Bxd5 16. Nd2 Qc7 17. Be4 Nf6 18. Bxd5 Nxd5 19. Bf2 Rfd8 20. Qb1 Rac8 21. c4 Nf6 22. Qc2 Ng4 23. b3 Bc5 24. Bxc5 Qxc5 25. Ne4 Qc6 26. Qe2 Nf6 27. Nc3 Qc5 28. Rad1 Rd4 29. Qf2 Rcd8 30. Rxd4 Qxd4 31. Qxd4 exd4 32. Rd1 Re8 33. Nb1 h6 34. h3 Re3 35. Nd2 Nh5 36. Kg1 Nf4 37. b4 Rg3 38. Kf2 Rc3 39. h4 Nd3+ 40. Ke2 Nxb4 41. Rb1 a5 42. Rb3 Rc1 43. Rb1 Rc2 44. Ra1 Kf8 45. Ra3 Ke7 46. Kd1 Ra2 47. Rxa2 Nxa2 48. Nf3 Nc3+ 49. Kc2 Nxa4 50. Nxd4 Kd6 51. Kb3 Nc5+ 52. Kc2 Ke5 53. Kc3 Ne4+ 54. Kd3 Ng3 55. Nc6+ Kxf5 56. Ne7+ Ke5 57. Nc8 Nf5 58. Nxb6 Kd6 59. Kc3 Nxh4 60. g3 Nf5 61. Kb3 Nxg3 62. Ka4 Ne4 63. Kxa5 h5 64. Kb5 h4 0-1

[Event "Paracin op"]
[Site "Paracin"]
[Date "2009.08.23"]
[Round "5"]
[White "Milosavljevic, Marija"]
[Black "Bulatovic, Nikola"]
[Result "0-1"]
[WhiteElo "1848"]
[BlackElo "2111"]
[PlyCount "76"]
[EventDate "2009.08.19"]
[EventType "swiss"]
[EventRounds "9"]
[EventCountry "YUG"]
[SourceTitle "CBM 132 Extra"]
[Source "ChessBase"]
[SourceDate "2009.11.03"]
[SourceVersion "1"]
[SourceVersionDate "2009.11.03"]
[SourceQuality "1"]

1. Nc3 c5 2. Nf3 e6 3. e4 a6 4. d4 cxd4 5. Nxd4 Qc7 6. Bd3 Nc6 7. Nb3 Nf6 8. 0-0 b5 9. Re1 d6 10. Bf4 Be7 11. h3 0-0 12. Qd2 Ne5 13. Rad1 Rd8 14. Qe2 Bb7 15. Bg3 b4 16. Nb1 a5 17. Nd4 Qc5 18. Nf3 Ng6 19. Qe3 Qxe3 20. Rxe3 d5 21. e5 Ne4 22. Nd4 Nxg3 23. Bxg6 Ne4 24. Bh5 Bg5 25. Rde1 Bf4 26. Kf1 Bxe5 27. Nf3 Bxb2 28. Nbd2 Nc3 29. Bxf7+ Kxf7 30. Ng5+ Kg8 31. Nxe6 Rdc8 32. Nxg7 Ba6+ 33. Kg1 Ne2+ 34. Kh1 Bxg7 35. c4 Nc3 36. Rc1 dxc4 37. Re7 Nxa2 38. Rce1 c3 0-1

[Event "Senta op-B 13th"]
[Site "Senta"]
[Date "2009.07.24"]
[Round "8"]
[White "Bujic, Csaba"]
[Black "Milosavljevic, Marija"]
[Result "0-1"]
[WhiteElo "1945"]
[BlackElo "1848"]
[PlyCount "70"]
[EventDate "2009.07.18"]
[EventType "swiss"]
[EventRounds "9"]
[EventCountry "YUG"]
[SourceTitle "EXT 2012"]
[Source "ChessBase"]
[SourceDate "2011.11.24"]
[SourceVersion "1"]
[SourceVersionDate "2011.11.24"]
[SourceQuality "1"]

1. e4 c5 2. c3 d5 3. exd5 Qxd5 4. d4 Nf6 5. Nf3 Bg4 6. Be2 Nc6 7. h3 Bh5 8. c4 Qd6 9. d5 Ne5 10. Nxe5 Qxe5 11. g4 Bg6 12. f4 Qe4 13. 0-0 h5 14. Nc3 Qc2 15. f5 Qxd1 16. Bxd1 Bh7 17. g5 Nd7 18. Bc2 Ne5 19. b3 g6 20. Nb5 Kd7 21. Bb2 f6 22. gxf6 exf6 23. fxg6 Rg8 24. Rxf6 Be7 25. Rff1 Bxg6 26. Bxg6 Rxg6+ 27. Kh1 Nd3 28. Bc3 a6 29. Na3 Rg3 30. Be1 Rxh3+ 31. Kg2 Re3 32. Rh1 Rg8+ 33. Kf1 Rf8+ 34. Kg2 Re2+ 35. Kg3 Ne5 0-1